Ariana Grande Albums by Picture - Statistics

General Stats
  • This quiz has been taken 111 times
  • The average score is 7 of 7
Answer Stats
Picture Answer % Correct
positions
99%
eternal sunshine
98%
Dangerous Woman
96%
thank u, next
96%
Sweetener
95%
My Everything
92%
Yours Truly
90%
No matching quizzes found
Score Distribution
Percent of People with Each Score
Percentile by Number Answered
Your Score History
You have not taken this quiz